000 01163cam a22002774a 4500
999 _c62412
_d62412
001 12798342
003 ARRUPE
005 20170927112642.0
008 020601s2002 enka b 001 0 eng
010 _a 2002075108
020 _a041528659X (hbk)
020 _a0415286603 (pbk.)
040 _aDLC
_cDLC
_dDLC
042 _apcc
050 0 0 _aGN281
_b.C515 2002
082 0 0 _a599.93/8
_221
100 1 _aClark, Mary E.
_936334
245 1 0 _aIn search of human nature /
_cMary E. Clark.
260 _aLondon ;
_aNew York :
_bRoutledge,
_c2002.
300 _axix, 556 p. :
_bill. ;
_c24 cm.
504 _aIncludes bibliographical references (455-488) and index.
650 0 _aHuman evolution.
_936335
856 4 2 _3Publisher description
_uhttp://www.loc.gov/catdir/enhancements/fy0650/2002075108-d.html
906 _a7
_bcbc
_corignew
_d1
_eocip
_f20
_gy-gencatlg
942 _2lcc
_cMONOGRAPH